Pilotes de F1 par images - Statistiques

Statistiques générales
  • Ce quiz a été pris 99 fois
  • Le résultat moyen est 12 sur 17
Statistiques - réponses
Par images Réponse % Correct
Lewis Hamilton
99%
Max Verstappen
97%
Charles Leclerc
95%
Lando Norris
94%
Fernando Alonso
92%
Pierre Gasly
88%
Esteban Ocon
83%
Oscar Piastri
78%
Sebastian Vettel
78%
Alain Prost
77%
George Russell
75%
Michael Schumacher
70%
Ayrton Senna
66%
Carlos Sainz Jr.
62%
Nigel Mansell
32%
Jackie Stewart
21%
Jim Clark
10%
Aucun quiz correspondant
Distribution des résultats
% des personnes avec chaque résultat
Percentile par nombre de réponses
Votre historique - résultats
Vous n’avez pas pris ce quiz